<?xml version="1.0" encoding="UTF-8"?>
<collection xmlns="http://www.loc.gov/MARC21/slim">
 <record>
  <leader>00728cam a2200217 7i4500</leader>
  <controlfield tag="001">0000007308</controlfield>
  <controlfield tag="005">20150327090000.0</controlfield>
  <controlfield tag="003">  iicp-my</controlfield>
  <controlfield tag="005">  20021204214900.0</controlfield>
  <controlfield tag="008">000000                       00         </controlfield>
  <datafield tag="020" ind1=" " ind2=" ">
   <subfield code="a">9836224688 </subfield>
  </datafield>
  <datafield tag="039" ind1=" " ind2="9">
   <subfield code="y">200212042149</subfield>
   <subfield code="z">VLOAD</subfield>
  </datafield>
  <datafield tag="090" ind1="0" ind2="0">
   <subfield code="a">499.23321 </subfield>
   <subfield code="b">KAM</subfield>
  </datafield>
  <datafield tag="245" ind1="0" ind2="0">
   <subfield code="a">Kamus Dwibahasa : </subfield>
   <subfield code="b">bahasa Inggeris - bahasa Malaysia  </subfield>
   <subfield code="c">Dewan Bahasa dan Pustaka.</subfield>
  </datafield>
  <datafield tag="260" ind1=" " ind2=" ">
   <subfield code="a">Kuala Lumpur: </subfield>
   <subfield code="b">Dewan Bahasa dan Pustaka, </subfield>
   <subfield code="c">c1999.</subfield>
  </datafield>
  <datafield tag="300" ind1=" " ind2=" ">
   <subfield code="a">xv, 1457 p.; </subfield>
   <subfield code="c">23 cm..</subfield>
  </datafield>
  <datafield tag="650" ind1=" " ind2="0">
   <subfield code="a">Malay Language -- </subfield>
   <subfield code="x">Dictionaries - English </subfield>
  </datafield>
  <datafield tag="650" ind1=" " ind2="0">
   <subfield code="a">English Language -- </subfield>
   <subfield code="x">Dictionaries - Malay </subfield>
  </datafield>
  <datafield tag="900" ind1=" " ind2=" ">
   <subfield code="a">United Happy Store</subfield>
  </datafield>
  <datafield tag="999" ind1=" " ind2=" ">
   <subfield code="a">1000012556</subfield>
   <subfield code="b">Book</subfield>
   <subfield code="c">Reference</subfield>
  </datafield>
  <datafield tag="999" ind1=" " ind2=" ">
   <subfield code="a">1000012558</subfield>
   <subfield code="b">Book</subfield>
   <subfield code="c">Reference</subfield>
  </datafield>
 </record>
</collection>
